Magneto-resistive and spin valve heads, second edition : (Record no. 29490)

000 -LEADER
fixed length control field 00633 a2200205 4500
003 - CONTROL NUMBER IDENTIFIER
control field NUST
020 ## - INTERNATIONAL STANDARD BOOK NUMBER
International Standard Book Number 0124666272
020 ## - INTERNATIONAL STANDARD BOOK NUMBER
International Standard Book Number 9780124666276
038 ## - RECORD CONTENT LICENSOR
Staff Name SNS Library Staff
082 04 - DEWEY DECIMAL CLASSIFICATION NUMBER
Classification number 621.38234
Author Mark MAL
100 1# - MAIN ENTRY--PERSONAL NAME
Personal name Mallinson, John C.
9 (RLIN) 35651
245 10 - TITLE STATEMENT
Title Magneto-resistive and spin valve heads, second edition :
Remainder of title fundamentals and applications /
Statement of responsibility, etc. John C. Mallinson.
250 ## - EDITION STATEMENT
Edition statement 2nd ed.
260 ## - PUBLICATION, DISTRIBUTION, ETC.
Place of publication, distribution, etc. [S.l.] :
Name of publisher, distributor, etc. Academic Press,
Date of publication, distribution, etc. 2002
300 ## - PHYSICAL DESCRIPTION
Extent 184 p. ;
Dimensions 24 cm.
490 1# - SERIES STATEMENT
Series statement Electromagnetism.
700 ## - ADDED ENTRY--PERSONAL NAME
Personal name Mallinson, John C.
9 (RLIN) 35651
830 #0 - SERIES ADDED ENTRY--UNIFORM TITLE
Uniform title Electromagnetism.
9 (RLIN) 35652
942 ## - ADDED ENTRY ELEMENTS (KOHA)
Institution code [OBSOLETE] SNS
Koha item type Book
Call number prefix 621.38234 MAL 2002
Source of classification or shelving scheme
Holdings
Withdrawn status Lost status Source of classification or shelving scheme Damaged status Not for loan Permanent Location Current Location Date acquired Total Checkouts Full call number Barcode Date last seen Date last checked out Price effective from Koha item type
          School of Natural Sciences (SNS) School of Natural Sciences (SNS) 05/26/2016 1 621.38234 MAL SNS0001035 02/09/2021 05/28/2018 05/26/2016 Book
© 2023 Central Library, National University of Sciences and Technology. All Rights Reserved.